000 00356 a2200157 4500
001 153347
040 _cEscola São Tomás de Aquino
100 _aLARREULA, Enric
240 1 0 _aBruxa Onilda em apuros
_lpor
245 1 0 _aBruxa Onilda em apuros
300 _a39
362 0 _a2014
440 1 _aScipione
697 _a*LITERATURA INFANTO
942 _cBK
999 _c153347
_d153347